000 00578nam a2200217Ia 4500
003 OSt
005 20220918221411.0
006 a|||||r|||| 00| 0
007 ta
008 220917b |||||||| |||| 00| 0 eng d
024 _a155,969
037 _cTextual
040 _aARTS
_cARTS
_beng
041 _2eng
_aeng
082 _aQ414, N4
245 0 _aSarvastivada and its traditions editor by Sanghasen Singh
260 _aDelhi
_bDepartment Buddhist Studies
_c1994
300 _aviii, 295p.
_ccm.
942 _hQ414, N4
_cTEXL
_2CC
999 _c272381
_d272381